En la Biblia - ¡Muerte súbita! - Estadísticas

Estadísticas generales
  • Esta prueba ha sido intentada 6.379 veces
    6.372 desde el último reinicio
  • La puntuación promedio es 6 de 20
Answers on the Grid
Answers color-coded by a green-red scale on the quiz's grid according to % correct below.
Baal
Buda
Camellos
Etiopía
India
Ciro el grande
Burros
Palomas
Egipto
JetPunk
Goliat
Cerdos
Miel
Jerusalén
Jezabel
Lilith
Leones
Alpacas
Maná
Alcachofa
Mahoma
Oxígeno
Purgatorio
Arcoiris
Roma
Gallos
San Patricio
El ecuador
La Torre de Babel
Trolls
Trombones
Vinagre
 
Estadísticas de respuestas
Respuesta % Correcto
Jerusalén
60%
Egipto
51%
La Torre de Babel
49%
Goliat
48%
Roma
41%
Camellos
37%
Burros
36%
Palomas
34%
Leones
32%
Jezabel
29%
Maná
29%
Cerdos
28%
Miel
26%
Etiopía
22%
Vinagre
21%
Gallos
19%
Baal
17%
Ciro el grande
16%
Arcoiris
15%
India
12%
No se encontraron pruebas coincidentes
Distribución de puntuación
Porcentaje de gente con cada puntuación
Porcentaje por número respondido
Historial de tus puntuaciones
No has intentado esta prueba desde el último reinicio